[Event "Plzen, FSB C"]
[Site "?"]
[Date "2003.??.??"]
[Round "2.9"]
[White "Hava, R."]
[Black "Vlk, M."]
[Result "0-1"]
[WhiteElo "1472"]
[BlackElo "1840"]
[PlyCount "69"]
[EventDate "2003.??.??"]
[Source "ChessBase"]
[SourceDate "1996.11.15"]

1. e4 e5 2. Nf3 Nf6 3. Nxe5 d6 4. Nf3 Nxe4 5. Nc3 Nf6 6. d4 Bg4 7. Be2 Be7 8.
O-O O-O 9. Bg5 h6 10. Bh4 Re8 11. Bc4 Nbd7 12. Qd3 d5 13. Bxd5 Nxd5 14. Nxd5
Bxh4 15. Nxh4 c6 16. Qg3 cxd5 17. Qxg4 Re4 18. Qh3 Rxh4 19. Qc3 Rc8 20. Qb4 Qc7
21. g3 Re4 22. c3 Rce8 23. Qb5 Nf6 24. Qa4 a6 25. Qb3 Qd7 26. Kg2 h5 27. Qd1 h4
28. Qf3 h3+ 29. Kg1 Nh7 30. Qh5 g6 31. Qh6 Qf5 32. f3 Re2 33. Rf2 Rxf2 34. Kxf2
Qc2+ 35. Kg1 0-1

[Event "Plzen, FSB C"]
[Site "?"]
[Date "2003.??.??"]
[Round "2.12"]
[White "Koubek, J."]
[Black "Pekar, F."]
[Result "1-0"]
[WhiteElo "1612"]
[BlackElo "1899"]
[PlyCount "45"]
[EventDate "2003.??.??"]
[Source "ChessBase"]
[SourceDate "1996.11.15"]

1. e4 c5 2. Nf3 d6 3. d4 cxd4 4. Nxd4 Nf6 5. Nc3 a6 6. f3 e6 7. Bd3 Qc7 8. Be3
b5 9. a3 Bb7 10. O-O Nbd7 11. Kh1 Be7 12. Nde2 O-O 13. Ng3 Ne5 14. f4 Nc4 15.
Bd4 Nxb2 16. Nxb5 axb5 17. Bxb2 Bc6 18. Qe2 Rfb8 19. e5 Ne8 20. f5 exf5 21.
Nxf5 Ra4 22. Qh5 h6 23. Nxh6+ 1-0

[Event "Plzen, FSB C"]
[Site "?"]
[Date "2003.??.??"]
[Round "2.13"]
[White "Neumanova, M."]
[Black "Lener, J."]
[Result "0-1"]
[WhiteElo "1346"]
[BlackElo "1823"]
[PlyCount "96"]
[EventDate "2003.??.??"]
[Source "ChessBase"]
[SourceDate "1996.11.15"]

1. d4 Nf6 2. c4 b6 3. Nc3 Bb7 4. f3 d6 5. e4 e6 6. Bd3 e5 7. d5 Nbd7 8. Nge2
Be7 9. O-O O-O 10. Be3 Nh5 11. Qd2 a6 12. b4 Re8 13. a3 Nhf6 14. Ng3 g6 15.
Rac1 Kg7 16. Nce2 Ng8 17. Kh1 h6 18. f4 exf4 19. Nxf4 Ne5 20. Qf2 Ng4 21. Nfh5+
gxh5 22. Nxh5+ Kh8 23. Qxf7 Bf8 24. Bd4+ Ne5 25. Qg6 Qg5 26. Qxg5 hxg5 27. Rf3
Bg7 28. Nxg7 Kxg7 29. Rg3 Kh6 30. Be2 Nf6 31. Rh3+ Kg7 32. Bh5 Nxh5 33. Rxh5
Kg6 34. Rh3 Bc8 35. Rg3 Bd7 36. Rf1 Rf8 37. Rc1 Rf4 38. Bxe5 dxe5 39. Re1 Raf8
40. Kg1 Rf2 41. h4 g4 42. Rc3 Rd2 43. c5 bxc5 44. Rxc5 Rff2 45. Rxc7 Rxg2+ 46.
Kh1 Rh2+ 47. Kg1 Rdg2+ 48. Kf1 Bb5+ 0-1

[Event "Plzen, FSB C"]
[Site "?"]
[Date "2003.??.??"]
[Round "2.14"]
[White "Fairaisl, D."]
[Black "Pokomandy, M."]
[Result "0-1"]
[WhiteElo "1699"]
[BlackElo "1754"]
[PlyCount "88"]
[EventDate "2003.??.??"]
[Source "ChessBase"]
[SourceDate "1996.11.15"]

1. e4 e5 2. Nf3 Nc6 3. Bc4 Bc5 4. Nc3 Nf6 5. d3 O-O 6. Bg5 h6 7. Bh4 Be7 8. Qd2
Nxe4 9. Bxe7 Nxd2 10. Bxd8 Nxf3+ 11. gxf3 Nxd8 12. Rg1 d6 13. Ke2 Be6 14. Bb3
Bxb3 15. axb3 c6 16. Rg3 Ne6 17. Kd2 f5 18. Rag1 Rf6 19. b4 a6 20. Na4 Rc8 21.
Nb6 Rc7 22. Nc4 Rd7 23. h4 f4 24. Rg6 Kf7 25. h5 Ng5 26. Rxf6+ Kxf6 27. Ke2 Ke6
28. c3 d5 29. Nd2 Kf5 30. Nb3 Re7 31. Re1 Nh7 32. Rg1 Nf6 33. Kd2 Nxh5 34. d4
e4 35. Re1 Nf6 36. Nc5 g5 37. b3 g4 38. Rh1 h5 39. fxg4+ hxg4 40. Rh8 b6 41.
Na4 e3+ 42. fxe3 Rxe3 43. Nxb6 g3 44. Rh1 Ne4+ 0-1

[Event "Plzen, FSB C"]
[Site "?"]
[Date "2003.??.??"]
[Round "2.15"]
[White "Machalek, M."]
[Black "Hruby, V."]
[Result "1/2-1/2"]
[WhiteElo "1662"]
[BlackElo "1874"]
[PlyCount "73"]
[EventDate "2003.??.??"]
[Source "ChessBase"]
[SourceDate "1996.11.15"]

1. e4 e5 2. Nf3 Nc6 3. d4 exd4 4. Nxd4 Nf6 5. Nc3 Bb4 6. Nxc6 bxc6 7. Bd3 d5 8.
exd5 cxd5 9. O-O O-O 10. Bg5 c6 11. Qf3 Bd6 12. Rfe1 Be6 13. h3 h6 14. Bh4 Rb8
15. Rab1 Rb4 16. Bg3 Bxg3 17. Qxg3 Qb8 18. Qxb8 Rfxb8 19. b3 Nd7 20. a3 Rf4 21.
Ne2 Rf6 22. Nd4 Rc8 23. Nxe6 fxe6 24. Rbd1 Nc5 25. b4 Nxd3 26. Rxd3 c5 27. c3
c4 28. Rde3 Kf7 29. Rd1 g5 30. f3 h5 31. Re5 Rg8 32. Rd4 Rfg6 33. g4 hxg4 34.
fxg4 Rf6 35. Kg2 Kg6 36. Re2 Rgf8 37. Re3 1/2-1/2

[Event "Plzen, FSB C"]
[Site "?"]
[Date "2003.??.??"]
[Round "2.16"]
[White "Lexa, J."]
[Black "Kanka, J."]
[Result "1-0"]
[WhiteElo "1842"]
[BlackElo "1654"]
[PlyCount "29"]
[EventDate "2003.??.??"]
[Source "ChessBase"]
[SourceDate "1996.11.15"]

1. e4 e5 2. Nf3 Nc6 3. d4 exd4 4. Bc4 Nf6 5. e5 d5 6. Bb5 Bb4+ 7. c3 dxc3 8.
bxc3 Bxc3+ 9. Nxc3 Ne4 10. Nxe4 dxe4 11. Qxd8+ Kxd8 12. Bxc6 bxc6 13. Bg5+ Kd7
14. Nd4 Ba6 15. O-O-O {partie skoncila ve 45. tahu} 1-0

[Event "Plzen, FSB C"]
[Site "?"]
[Date "2003.??.??"]
[Round "2.17"]
[White "Vojir sr., V."]
[Black "Dvorak, M."]
[Result "0-1"]
[WhiteElo "1645"]
[BlackElo "1802"]
[PlyCount "96"]
[EventDate "2003.??.??"]
[Source "ChessBase"]
[SourceDate "1996.11.15"]

1. d4 Nf6 2. Nf3 c6 3. c4 d6 4. Nc3 g6 5. e3 Bg7 6. Bd3 O-O 7. O-O Bg4 8. h3
Bd7 9. a4 a5 10. Qb3 Qc8 11. Kh2 Na6 12. Ne4 Nxe4 13. Bxe4 Qc7 14. Kg1 Nb4 15.
Bd2 c5 16. Bc3 e6 17. dxc5 dxc5 18. Bxg7 Kxg7 19. Qc3+ f6 20. Rfd1 Rad8 21. Rd2
Bc6 22. Bxc6 Nxc6 23. Rad1 h6 24. b3 b6 25. Rd3 Rxd3 26. Rxd3 Rd8 27. Qd2 Rxd3
28. Qxd3 Qd8 29. Qxd8 Nxd8 30. Kf1 Nc6 31. Ke2 f5 32. Nd2 Kf6 33. g3 g5 34. Kf3
h5 35. e4 Ke5 36. exf5 exf5 37. Ke3 Kf6 38. f3 Nd4 39. Kf2 Ke5 40. Ke1 Ne6 41.
Ke2 Kd4 42. Nb1 h4 43. gxh4 Nf4+ 44. Kf2 gxh4 45. Na3 Kc3 46. Nb5+ Kxb3 47. Nd6
Nxh3+ 48. Kf1 Ng5 0-1

[Event "Plzen, FSB C"]
[Site "?"]
[Date "2003.??.??"]
[Round "2.18"]
[White "Wadura, R."]
[Black "Rouc, M."]
[Result "1/2-1/2"]
[WhiteElo "1635"]
[BlackElo "1793"]
[PlyCount "45"]
[EventDate "2003.??.??"]
[Source "ChessBase"]
[SourceDate "1996.11.15"]

1. d4 d5 2. c4 e6 3. Nc3 Nf6 4. Bg5 Nbd7 5. Nf3 Be7 6. e3 O-O 7. cxd5 Nxd5 8.
Bxe7 Qxe7 9. Qc2 Nb4 10. Qb3 c5 11. a3 Nc6 12. d5 Na5 13. Qc2 Nb6 14. Ne4 Nxd5
15. Qxc5 Qxc5 16. Nxc5 b6 17. Ne4 Bb7 18. Be2 Rfd8 19. O-O Nb3 20. Rad1 Rac8
21. Ned2 Nxd2 22. Rxd2 h6 23. Rfd1 1/2-1/2

[Event "Plzen, FSB C"]
[Site "?"]
[Date "2003.??.??"]
[Round "2.19"]
[White "Pechat, J."]
[Black "Strejcek, P."]
[Result "1-0"]
[WhiteElo "1758"]
[BlackElo "1628"]
[PlyCount "45"]
[EventDate "2003.??.??"]
[Source "ChessBase"]
[SourceDate "1996.11.15"]

1. e4 e5 2. f4 exf4 3. Nf3 d5 4. exd5 Nf6 5. c4 c6 6. d4 Bb4+ 7. Nc3 cxd5 8.
Bxf4 O-O 9. Be2 Ne4 10. Rc1 Qa5 11. O-O Bxc3 12. bxc3 Nxc3 13. Qd2 Nxe2+ 14.
Qxe2 Be6 15. Ng5 Re8 16. Qh5 h6 17. Nxe6 Rxe6 18. Bxb8 Re7 19. Bd6 Rd7 20. c5
Qxa2 21. Qg4 Rdd8 22. Be5 g6 23. Qh4 1-0

[Event "Plzen, FSB C"]
[Site "?"]
[Date "2003.??.??"]
[Round "2.20"]
[White "Kotesovec, D."]
[Black "Hadac, P."]
[Result "0-1"]
[WhiteElo "1555"]
[BlackElo "1744"]
[PlyCount "76"]
[EventDate "2003.??.??"]
[Source "ChessBase"]
[SourceDate "1996.11.15"]

1. Nf3 d5 2. d4 Nf6 3. e3 Bg4 4. Be2 e6 5. Nbd2 c5 6. c4 cxd4 7. Nxd4 Bxe2 8.
Nxe2 Nc6 9. Qb3 Qc7 10. cxd5 Nxd5 11. O-O Bd6 12. Nf3 O-O 13. Ned4 Nxd4 14.
exd4 Qb6 15. Qxb6 Nxb6 16. b3 Rfc8 17. Be3 Ba3 18. Bc1 Bxc1 19. Raxc1 Rxc1 20.
Rxc1 Rc8 21. Rxc8+ Nxc8 22. Kf1 f6 23. Ke2 Kf7 24. Kd3 Nb6 25. Nd2 Ke7 26. Nc4
Nd5 27. Kd2 Kd7 28. a3 Kc6 29. Ne3 h5 30. Nxd5 Kxd5 31. Ke3 g5 32. g3 g4 33.
Kd3 b5 34. b4 a6 35. Ke3 Kc4 36. Ke4 Kb3 37. d5 exd5+ 38. Kxd5 Kxa3 0-1

[Event "Plzen, FSB C"]
[Site "?"]
[Date "2003.??.??"]
[Round "2.21"]
[White "Zach, T."]
[Black "Mede, M."]
[Result "1/2-1/2"]
[WhiteElo "1729"]
[BlackElo "1509"]
[PlyCount "185"]
[EventDate "2003.??.??"]
[Source "ChessBase"]
[SourceDate "1996.11.15"]

1. d4 d5 2. c4 Nf6 3. Nc3 Bf5 4. f3 e6 5. Qb3 Nc6 6. e3 Bb4 7. Bd2 O-O 8. O-O-O
a5 9. a3 Bxc3 10. Bxc3 a4 11. Qa2 Na5 12. Bxa5 Rxa5 13. g4 Bg6 14. h4 h6 15.
Bd3 dxc4 16. Bxg6 fxg6 17. Qxc4 Qe7 18. Qd3 g5 19. hxg5 Rxg5 20. Nh3 Ra5 21.
Nf4 Rd8 22. Ng6 Qf7 23. Qc3 Ra6 24. Ne5 Qe7 25. Qd3 Nd7 26. Qg6 Nxe5 27. dxe5
Rc6+ 28. Kb1 Rd5 29. f4 Qd7 30. Rc1 Rd2 31. Qe4 Rb6 32. Rc2 Rd3 33. Kc1 Qb5 34.
Qc4 Rxe3 35. Qxb5 Rxb5 36. Rxc7 Rf3 37. Rc4 Rf2 38. Rd1 Rbxb2 39. Rdd4 b5 40.
Rb4 Ra2 41. Kb1 Rxa3 42. Rxb5 Rb3+ 43. Rxb3 axb3 44. g5 h5 45. g6 Kf8 46. Rd8+
Ke7 47. Rg8 Rxf4 48. Rxg7+ Kf8 49. Rb7 Rf5 50. Kb2 Rxe5 51. Rf7+ Kg8 52. Kxb3
Rf5 53. Rh7 Rg5 54. Kc3 Rxg6 55. Rxh5 Rg4 56. Rh6 Kf7 57. Kd3 Rg6 58. Rh5 Kf6
59. Ke4 Rg4+ 60. Kf3 Rg5 61. Rh4 Rf5+ 62. Kg4 Ke5 63. Rh1 Rf4+ 64. Kg5 Re4 65.
Rd1 Re2 66. Rb1 Rg2+ 67. Kh4 Kd6 68. Rd1+ Ke7 69. Kh3 Rg5 70. Kh4 Kf6 71. Rf1+
Rf5 72. Re1 e5 73. Kg4 Rf4+ 74. Kg3 Kf5 75. Rb1 Rg4+ 76. Kf3 e4+ 77. Ke3 Rg3+
78. Kf2 Kf4 79. Rb4 Rc3 80. Rb2 Ke5 81. Ke2 Kd4 82. Rb4+ Kd5 83. Rb5+ Kc4 84.
Ra5 Rb3 85. Ra4+ Kd5 86. Ra5+ Ke6 87. Rh5 Rf3 88. Ra5 Rf5 89. Ra6+ Ke5 90. Ra5+
Kf4 91. Ra1 Rg5 92. Rf1+ Ke5 93. Ra1 1/2-1/2

[Event "Plzen, FSB C"]
[Site "?"]
[Date "2003.??.??"]
[Round "2.22"]
[White "Kracik, M."]
[Black "Steinhauser, F."]
[Result "0-1"]
[WhiteElo "1438"]
[BlackElo "1709"]
[PlyCount "64"]
[EventDate "2003.??.??"]
[Source "ChessBase"]
[SourceDate "1996.11.15"]

1. e4 c5 2. f4 d6 3. Nf3 Nc6 4. Bc4 Bg4 5. Bxf7+ Kd7 6. h3 Bxf3 7. Qxf3 Nd4 8.
Qd1 e6 9. O-O Nh6 10. Bh5 g6 11. Bf3 Bg7 12. c3 Nc6 13. d3 Qb6 14. Kh1 Raf8 15.
Na3 Ng8 16. Nc4 Qa6 17. Qc2 b5 18. Na3 Nge7 19. c4 b4 20. Nb5 Qb6 21. a3 a6 22.
Nxd6 Kxd6 23. Be3 bxa3 24. Rxa3 Nb4 25. e5+ Kd7 26. Qa4+ Nec6 27. d4 cxd4 28.
Bxd4 Qc7 29. Bc5 Rb8 30. Rd1+ Kc8 31. Bxb4 Nxb4 32. Rd7 Qxd7 0-1

[Event "Plzen, FSB C"]
[Site "?"]
[Date "2003.??.??"]
[Round "2.23"]
[White "Dostal, K."]
[Black "Albrecht, J."]
[Result "0-1"]
[WhiteElo "1415"]
[BlackElo "1695"]
[PlyCount "80"]
[EventDate "2003.??.??"]
[Source "ChessBase"]
[SourceDate "1996.11.15"]

1. e4 c5 2. Nf3 g6 3. d4 Bg7 4. Be3 d6 5. Nc3 cxd4 6. Nxd4 Nf6 7. h3 O-O 8. Bd3
Nbd7 9. O-O a6 10. f4 e5 11. fxe5 dxe5 12. Nf3 Qc7 13. Nd5 Nxd5 14. exd5 b5 15.
Ng5 Bb7 16. Be4 Qd6 17. Rc1 h6 18. Nxf7 Rxf7 19. Rxf7 Kxf7 20. b3 Nf6 21. Bf3
e4 22. Be2 Qxd5 23. Qf1 Qf5 24. Qd1 Kg8 25. c4 bxc4 26. Rxc4 Rc8 27. Rb4 Bd5
28. Bxa6 Ra8 29. Qe2 Nh5 30. Rb5 Nf6 31. Bb7 Rd8 32. Bxd5+ Nxd5 33. Qc4 Kh7 34.
a4 Qe5 35. Bd4 Qxd4+ 36. Qxd4 Bxd4+ 37. Kf1 Rf8+ 38. Ke1 Bf2+ 39. Kf1 Bg3+ 40.
Kg1 Ne3 0-1

[Event "Plzen, FSB C"]
[Site "?"]
[Date "2003.??.??"]
[Round "3.1"]
[White "Vevera, R."]
[Black "Hava, J."]
[Result "1-0"]
[WhiteElo "1977"]
[BlackElo "1861"]
[PlyCount "55"]
[EventDate "2003.??.??"]
[Source "ChessBase"]
[SourceDate "1996.11.15"]

1. e4 e6 2. d4 d5 3. Nc3 Nf6 4. Bg5 Be7 5. e5 Nfd7 6. h4 h6 7. Bxe7 Qxe7 8. Qg4
f5 9. Qg3 a6 10. f4 c5 11. Nf3 Nc6 12. O-O-O b6 13. Bd3 Nb4 14. Bxf5 exf5 15.
a3 c4 16. axb4 Bb7 17. e6 Nf8 18. Ne5 Rg8 19. Nf7 Qxe6 20. Rhe1 Kxf7 21. Rxe6
Nxe6 22. h5 g5 23. fxg5 f4 24. g6+ Kg7 25. Qe1 Rge8 26. Qe5+ Kg8 27. Qf5 Ng5
28. Qd7 1-0

[Event "Plzen, FSB C"]
[Site "?"]
[Date "2003.??.??"]
[Round "3.2"]
[White "Soukup, A."]
[Black "Tichy, S."]
[Result "0-1"]
[WhiteElo "1943"]
[BlackElo "1852"]
[PlyCount "114"]
[EventDate "2003.??.??"]
[Source "ChessBase"]
[SourceDate "1996.11.15"]

1. e4 e6 2. d3 d5 3. Nd2 c5 4. g3 Nc6 5. Bg2 d4 6. f4 e5 7. fxe5 Nxe5 8. Ngf3
Bg4 9. h3 Bxf3 10. Nxf3 Bd6 11. O-O Qc7 12. Bf4 Ne7 13. Ng5 N7g6 14. Qh5 f6 15.
Bxe5 Bxe5 16. Nxh7 Qf7 17. h4 Ke7 18. Bh3 Rxh7 19. Qf5 Nf8 20. Kg2 Qg6 21. Qxg6
Nxg6 22. Bf5 Rh6 23. h5 Nf8 24. g4 Ne6 25. a4 Rah8 26. Rab1 Nf4+ 27. Kf2 g6 28.
hxg6 Nxg6 29. b4 Rh2+ 30. Ke1 Bg3+ 31. Kd1 Rh1 32. Ke2 Rxf1 33. Rxf1 Ne5 34.
bxc5 Rh2+ 35. Kd1 Nc6 36. Bc8 b6 37. Bb7 Nb4 38. c6 Rxc2 39. Rf3 Be5 40. Rh3
Rc3 41. Rh7+ Ke6 42. Rh6 Bf4 43. Bc8+ Ke7 44. Rh7+ Kd8 45. Bb7 Nxc6 46. Bxc6
Rxc6 47. Rxa7 Rc7 48. Ra6 Rc1+ 49. Ke2 Bc7 50. Kd2 Ra1 51. Kc2 Kc8 52. Ra8+ Bb8
53. Kb2 Rg1 54. a5 Kb7 55. Rxb8+ Kxb8 56. axb6 Kb7 57. Kb3 Rc1 0-1

[Event "Plzen, FSB C"]
[Site "?"]
[Date "2003.??.??"]
[Round "3.3"]
[White "Vlk, M."]
[Black "Vrkota, M."]
[Result "1-0"]
[WhiteElo "1840"]
[BlackElo "1870"]
[PlyCount "87"]
[EventDate "2003.??.??"]
[Source "ChessBase"]
[SourceDate "1996.11.15"]

1. c4 f5 2. Nc3 e5 3. d4 exd4 4. Qxd4 Nc6 5. Qe3+ Be7 6. Nd5 d6 7. b3 Ne5 8.
Bb2 c6 9. Nxe7 Nxe7 10. Bxe5 dxe5 11. Qxe5 O-O 12. Rd1 Qe8 13. Nf3 f4 14. g3
Bg4 15. Bg2 Ng6 16. Qxe8 Raxe8 17. Kf1 a5 18. Rd2 Rd8 19. Ke1 a4 20. Kd1 axb3
21. axb3 Ra8 22. Kc2 Ra2+ 23. Kc3 Rxd2 24. Kxd2 Rd8+ 25. Kc3 Re8 26. Re1 fxg3
27. hxg3 c5 28. Ng1 b6 29. Bd5+ Kf8 30. e4 h5 31. f3 Bd7 32. Ne2 h4 33. gxh4
Nxh4 34. Rh1 Ng6 35. Rg1 Ne7 36. Kd3 b5 37. f4 Nxd5 38. cxd5 c4+ 39. bxc4 bxc4+
40. Kd4 Rc8 41. Nc3 Kf7 42. Rc1 Bg4 43. e5 Kg6 44. Ne4 1-0

[Event "Plzen, FSB C"]
[Site "?"]
[Date "2003.??.??"]
[Round "3.5"]
[White "Lener, J."]
[Black "Mrnka, J."]
[Result "1/2-1/2"]
[WhiteElo "1823"]
[BlackElo "1908"]
[PlyCount "53"]
[EventDate "2003.??.??"]
[Source "ChessBase"]
[SourceDate "1996.11.15"]

1. Nf3 c5 2. g3 d5 3. d4 Nc6 4. Bg2 Bg4 5. c3 e6 6. O-O Bxf3 7. Bxf3 cxd4 8.
cxd4 Bd6 9. Nc3 Qb6 10. e3 Nf6 11. Na4 Qd8 12. Bd2 O-O 13. Qb3 Qe7 14. a3 Rab8
15. Rac1 Rfc8 16. Rfd1 h5 17. Qd3 b5 18. Nc5 e5 19. Bg2 e4 20. Qe2 g5 21. Qe1
Nd8 22. Na6 Rxc1 23. Rxc1 Rb6 24. Nc5 Nb7 25. Nxb7 Qxb7 26. Bb4 Bxb4 27. Qxb4
1/2-1/2

[Event "Plzen, FSB C"]
[Site "?"]
[Date "2003.??.??"]
[Round "3.6"]
[White "Pokomandy, M."]
[Black "Vrana, P."]
[Result "0-1"]
[WhiteElo "1754"]
[BlackElo "1885"]
[PlyCount "66"]
[EventDate "2003.??.??"]
[Source "ChessBase"]
[SourceDate "1996.11.15"]

1. d4 f5 2. c4 Nf6 3. Nf3 d6 4. g3 c6 5. Bg2 g6 6. O-O Bg7 7. Nc3 Qc7 8. d5 e5
9. dxe6 Bxe6 10. Nd2 Nbd7 11. Rb1 Nb6 12. b3 O-O-O 13. Qc2 g5 14. Nf3 h6 15.
Nd4 Qd7 16. Nxe6 Qxe6 17. Rd1 Rhf8 18. Nd5 Nbd7 19. Bb2 Kb8 20. Ne3 Nh5 21.
Bxg7 Nxg7 22. Qc3 f4 23. Nf1 Ne5 24. f3 h5 25. h3 Nf5 26. g4 hxg4 27. fxg4 Nh4
28. Bh1 f3 29. e4 f2+ 30. Kh2 Nef3+ 31. Kg3 Rde8 32. Nd2 Nxd2 33. Qxd2 Qe5+ 0-1

[Event "Plzen, FSB C"]
[Site "?"]
[Date "2003.??.??"]
[Round "3.7"]
[White "Bartonicek jr., Z."]
[Black "Kral, P."]
[Result "1-0"]
[WhiteElo "1750"]
[BlackElo "1828"]
[PlyCount "73"]
[EventDate "2003.??.??"]
[Source "ChessBase"]
[SourceDate "1996.11.15"]

1. e4 d5 2. exd5 Qxd5 3. Nc3 Qa5 4. d4 Nf6 5. Bc4 Nc6 6. Nge2 Bg4 7. f3 Bf5 8.
a3 Bg6 9. Be3 O-O-O 10. O-O Ne5 11. b4 Qb6 12. Bb3 e6 13. Qc1 Ned7 14. Na4 Qc6
15. c4 b6 16. b5 Qb7 17. Nec3 c5 18. bxc6 Qxc6 19. d5 exd5 20. cxd5 Qc7 21. Bf4
Bc5+ 22. Kh1 Qb7 23. Nb5 Ne8 24. Re1 a6 25. Nd4 Nc7 26. Nc6 Rde8 27. Qc3 Nb5
28. Qxg7 Rhg8 29. Qb2 Na7 30. Nxc5 Nxc5 31. Nd4 Kd7 32. Rad1 Nxb3 33. Nxb3 Nb5
34. a4 Nd6 35. Qf6 Qb8 36. Rb1 b5 37. Nc5+ 1-0

[Event "Plzen, FSB C"]
[Site "?"]
[Date "2003.??.??"]
[Round "3.8"]
[White "Kral, P."]
[Black "Koubek, J."]
[Result "1-0"]
[WhiteElo "1773"]
[BlackElo "1612"]
[PlyCount "47"]
[EventDate "2003.??.??"]
[Source "ChessBase"]
[SourceDate "1996.11.15"]

1. e4 c5 2. c3 Nf6 3. e5 Nd5 4. d4 cxd4 5. Nf3 Nc6 6. Bc4 Nb6 7. Bb3 e6 8. cxd4
Bb4+ 9. Nc3 d6 10. Qe2 dxe5 11. dxe5 Qc7 12. O-O Nd7 13. Nb5 Qb8 14. Bf4 O-O
15. Rfd1 Ne7 16. Ng5 Ng6 17. Bg3 Ndxe5 18. Rac1 h6 19. Nf3 Nxf3+ 20. Qxf3 e5
21. Nc7 a6 22. Nxa8 Qxa8 23. Qe4 Qa7 24. Qxg6 1-0

[Event "Plzen, FSB C"]
[Site "?"]
[Date "2003.??.??"]
[Round "3.10"]
[White "Albrecht, J."]
[Black "Vojir jr., V."]
[Result "1-0"]
[WhiteElo "1695"]
[BlackElo "1823"]
[PlyCount "55"]
[EventDate "2003.??.??"]
[Source "ChessBase"]
[SourceDate "1996.11.15"]

1. c4 c6 2. e4 d5 3. e5 Bf5 4. d4 Bxb1 5. Rxb1 Qa5+ 6. Bd2 Qxa2 7. cxd5 Qxd5 8.
Nf3 e6 9. Qc2 Be7 10. Bc4 Qd8 11. O-O h5 12. Bxe6 fxe6 13. Qg6+ Kf8 14. Qxe6
Qd7 15. Qh3 Na6 16. e6 Qe8 17. Ne5 Nf6 18. Bg5 Nb8 19. Rbd1 Nd5 20. Qf5+ Kg8
21. Ng6 Rh7 22. Rfe1 Bxg5 23. Qxg5 Na6 24. Rd3 Rh6 25. Rg3 Kh7 26. Ne5 Qe7 27.
Qf5+ Kg8 28. Nd7 {dale necitelne} 1-0

[Event "Plzen, FSB C"]
[Site "?"]
[Date "2003.??.??"]
[Round "3.11"]
[White "Dvorak, M."]
[Black "Huttner, M."]
[Result "1-0"]
[WhiteElo "1802"]
[BlackElo "1674"]
[PlyCount "53"]
[EventDate "2003.??.??"]
[Source "ChessBase"]
[SourceDate "1996.11.15"]

1. e4 e6 2. d4 d5 3. Nd2 c5 4. exd5 exd5 5. dxc5 Bxc5 6. Ngf3 Be6 7. Nb3 Bd6 8.
Bd3 Nc6 9. O-O Nge7 10. Bg5 Qc7 11. h3 h6 12. Be3 O-O 13. Nbd4 Nxd4 14. Nxd4
Bd7 15. Nb5 Bxb5 16. Bxb5 Rfd8 17. Bd3 Bc5 18. Bd2 Qb6 19. Rb1 Qf6 20. c3 Nf5
21. Qf3 Nd6 22. Qxf6 gxf6 23. Bxh6 f5 24. Be3 b6 25. Rfe1 Rab8 26. Bf4 Rbc8 27.
b4 1-0

[Event "Plzen, FSB C"]
[Site "?"]
[Date "2003.??.??"]
[Round "3.12"]
[White "Pasek, M."]
[Black "Nathansky, D."]
[Result "0-1"]
[WhiteElo "1669"]
[BlackElo "1792"]
[PlyCount "74"]
[EventDate "2003.??.??"]
[Source "ChessBase"]
[SourceDate "1996.11.15"]

1. c4 Nf6 2. Nc3 c5 3. g3 g6 4. Bg2 Bg7 5. b3 Nc6 6. Bb2 O-O 7. Nf3 b6 8. O-O
Bb7 9. d4 cxd4 10. Nxd4 Na5 11. e3 Bxg2 12. Kxg2 d5 13. cxd5 Nxd5 14. Nxd5
Qxd5+ 15. Qf3 Qxf3+ 16. Kxf3 e5 17. Ba3 exd4 18. Bxf8 Kxf8 19. Rad1 dxe3 20.
Kxe3 Re8+ 21. Kf3 Nc6 22. Rd2 Ne5+ 23. Kg2 f5 24. Rfd1 Kf7 25. Re2 Re7 26. Rd6
Rd7 27. Rxd7+ Nxd7 28. h3 a5 29. f4 Nc5 30. g4 Ne6 31. Kg3 Bh6 32. g5 Bf8 33.
Rd2 Ke8 34. Kf3 Bc5 35. Rd3 Ke7 36. Rd2 Bd6 37. Rd5 Bxf4 0-1

[Event "Plzen, FSB C"]
[Site "?"]
[Date "2003.??.??"]
[Round "3.13"]
[White "Stanek, V."]
[Black "Pechat, J."]
[Result "0-1"]
[WhiteElo "1635"]
[BlackElo "1758"]
[PlyCount "100"]
[EventDate "2003.??.??"]
[Source "ChessBase"]
[SourceDate "1996.11.15"]

1. e4 c5 2. Nc3 Nc6 3. f4 d6 4. Nf3 e6 5. Bc4 a6 6. a3 b5 7. Ba2 Nf6 8. d3 Be7
9. O-O Qb6 10. Qe1 O-O 11. Qf2 Bd7 12. h3 a5 13. Be3 Qb8 14. Rab1 b4 15. Ne2 a4
16. Ra1 Qb7 17. e5 b3 18. exd6 Bxd6 19. cxb3 axb3 20. Bb1 Rfc8 21. Nd2 Nd5 22.
Nc4 Be7 23. Bd2 Qb8 24. Nc3 Bf6 25. Ne5 Be8 26. Nxd5 exd5 27. Nxc6 Rxc6 28. Bc3
d4 29. Bd2 Qd8 30. a4 Qd5 31. a5 Bd8 32. f5 f6 33. Qg3 Bc7 34. Qg4 h5 35. Qe4
Bf7 36. Qe1 Rca6 37. Rf3 Qd8 38. Rf1 Bxa5 39. Bxa5 Rxa5 40. Rxa5 Qxa5 41. Qxa5
Rxa5 42. Kf2 Ra8 43. Re1 Re8 44. Re4 Re5 45. g4 hxg4 46. hxg4 Bd5 47. Rxe5 fxe5
48. Kg3 g6 49. fxg6 Kg7 50. g5 Kxg6 0-1

[Event "Plzen, FSB C"]
[Site "?"]
[Date "2003.??.??"]
[Round "3.14"]
[White "Soutner, J."]
[Black "Bolek, M."]
[Result "1-0"]
[WhiteElo "1695"]
[BlackElo "1524"]
[PlyCount "78"]
[EventDate "2003.??.??"]
[Source "ChessBase"]
[SourceDate "1996.11.15"]

1. e4 d6 2. d4 Nf6 3. Nc3 g6 4. Be3 Bg7 5. Qd2 O-O 6. f3 e5 7. Nge2 Nc6 8. d5
Ne7 9. Bh6 c6 10. dxc6 bxc6 11. Bxg7 Kxg7 12. O-O-O d5 13. exd5 cxd5 14. Ng3
Qa5 15. Kb1 Be6 16. Nce4 Qxd2 17. Nxd2 Rfd8 18. Bd3 Nd7 19. Rhe1 f5 20. Bb5 e4
21. Nb3 Rdc8 22. fxe4 fxe4 23. Nxe4 Bf5 24. Nd6 Bxc2+ 25. Ka1 Rf8 26. Rc1 Nf5
27. Rxc2 Nb6 28. Nxf5+ Rxf5 29. Nd4 Rf6 30. a3 Raf8 31. Ne6+ Rxe6 32. Rxe6 Nc4
33. Bxc4 dxc4 34. Re7+ Kh6 35. Rxa7 Rf1+ 36. Ka2 Rf4 37. Ra4 Rh4 38. g3 Rd4 39.
Raxc4 Rd1 1-0

[Event "Plzen, FSB C"]
[Site "?"]
[Date "2003.??.??"]
[Round "3.15"]
[White "Hadac, P."]
[Black "Hava, R."]
[Result "1-0"]
[WhiteElo "1744"]
[BlackElo "1472"]
[PlyCount "25"]
[EventDate "2003.??.??"]
[Source "ChessBase"]
[SourceDate "1996.11.15"]

1. d4 d5 2. c4 e5 3. dxe5 d4 4. a3 Nc6 5. Nf3 Bg4 6. Qb3 Bxf3 7. Qxf3 Nxe5 8.
Qxb7 Nxc4 9. Qc6+ Ke7 10. Qxc4 Nf6 11. e3 Ke8 12. Qa4+ Qd7 13. Bb5 1-0

[Event "Plzen, FSB C"]
[Site "?"]
[Date "2003.??.??"]
[Round "3.17"]
[White "Pekar, F."]
[Black "Zach, T."]
[Result "1-0"]
[WhiteElo "1889"]
[BlackElo "1729"]
[PlyCount "171"]
[EventDate "2003.??.??"]
[Source "ChessBase"]
[SourceDate "1996.11.15"]

1. b3 Nf6 2. Bb2 Nc6 3. g3 e5 4. Bg2 d5 5. e3 Bd6 6. Ne2 Be6 7. d3 Qe7 8. Nd2
O-O 9. a3 b5 10. h3 a5 11. g4 Nd7 12. e4 d4 13. Ng3 Rfb8 14. O-O a4 15. b4 f6
16. Nf5 Qf8 17. c3 dxc3 18. Bxc3 Ra6 19. Nf3 Bb3 20. Qe2 Ne7 21. Nd2 Bf7 22.
Nxd6 cxd6 23. d4 Ng6 24. d5 Nf4 25. Qe3 Rc8 26. Rfc1 Qd8 27. Bf1 Qb6 28. Qg3
Raa8 29. Nf3 Bg6 30. Nd2 Rc7 31. Qe3 Rac8 32. Qg3 Be8 33. Kh2 g5 34. Ra2 Nf8
35. Rac2 N8g6 36. Qe3 Qb7 37. Nf3 Bd7 38. Kg3 h6 39. Qe1 Kf7 40. Qd1 Ne7 41.
Bd2 Rxc2 42. Rxc2 Rxc2 43. Qxc2 Qc8 44. Qxc8 Nxc8 45. Be3 h5 46. Nd2 h4+ 47.
Kh2 Ng6 48. Nb1 Ke7 49. Nc3 Nf8 50. Nxb5 Kd8 51. Nc3 Kc7 52. b5 Nb6 53. Bd3 Kb7
54. f3 Ng6 55. Kg1 Ne7 56. Kf2 Nec8 57. Ke2 Na7 58. Kd2 Kc7 59. Kc2 Kb7 60. Kb2
Kc7 61. Bxb6+ Kxb6 62. Nxa4+ Kb7 63. Nc3 Kb6 64. a4 Ka5 65. Kb3 Nc8 66. Bc4 Nb6
67. Be2 Nc8 68. Bd1 Nb6 69. Bc2 Nc8 70. Ka3 Nb6 71. Bb3 Nc8 72. Nb1 Bxb5 73.
axb5 Kxb5 74. Kb2 Kb4 75. Na3 Ne7 76. Nc2+ Kc5 77. Kc3 Ng6 78. Bc4 Ne7 79. Nb4
Ng6 80. Nc6 Nf8 81. Ne7 Nd7 82. Ng8 Nb6 83. Bb3 Nd7 84. Ba4 Nb6 85. Be8 Nc4 86.
Nxf6 1-0